00640nam a2200181 i 450000100060000000300090000600500170001500700030003200800410003510000220007624501600009826000680025830000380032665000240036465000280038870000200041685200220043626238ES-MaACL20250901090023.0t|030108s1940 sp ||||1| spa d1 aAssmann, Herbert.10aDiagnóstico röntgenológico de las enfermedades internas / cpor Herbert Assmann ... ; traducción de la quinta edición alemana por A. Bages Carey. aBarcelona : bLabor, c1940 (fTalls. Gráfs. Iberoamericanos) a2 v., 1 lám. : bil. ; c27 cm. 7aRadiología2embne07aMedicina interna2embne1 aBages Carey, A. aES-MaACLjE-82-83